Statistics for Countries, US States, Capitals, Elements, 100 Most Common Words: Starting with Y

Click here to take the quiz!

General Stats

  • This quiz has been taken 5,309 times
  • The average score is 6 of 10

Answer Stats

ANSWER% Correct
Yemen
94%
You
84%
Your
73%
Yttrium
61%
Yerevan
60%
Yaoundé
54%
Ytterbium
53%
Yamoussoukro
49%
Yaren
48%
Year
32%

Score Distribution

Percentile by Number Answered

Percent of People with Each Score

Your Score History

You have not taken this quiz